Selected foreign policy speeches.
| Main Author: | |
|---|---|
| Format: | Book |
| Published: |
Kuala Lumpur:
Institute of Diplomacy and Foreign Relation [IDFR],
2005.
|
| Subjects: |
| LEADER | 00548cam a2200169 7i4500 | ||
|---|---|---|---|
| 001 | 0000017757 | ||
| 005 | 20060712090000.0 | ||
| 020 | 0 | 0 | |a 983-2220-07-6 |
| 090 | 0 | 0 | |a M 327.595 |b SYE |
| 100 | 0 | 0 | |a Syed Hamid Albar, Dato' Seri |
| 245 | 0 | 0 | |a Selected foreign policy speeches. |
| 260 | 0 | 0 | |a Kuala Lumpur: |b Institute of Diplomacy and Foreign Relation [IDFR], |c 2005. |
| 300 | # | # | |a 595 p. |
| 650 | 0 | 0 | |a International relations |
| 650 | 0 | 0 | |a Malaysia-Foreign relations |
| 650 | 0 | 0 | |a Speeches,address,etc. |
| 999 | |a B000018895 |b Book |c Malaysia |e Business Information Centre | ||


